000
00306nam a22001337a 4500
008
181022b xxu||||| |||| 00| 0 eng d
020
_a
9780764501296
041
_a
eng
080
_2
3rd
_a
004
100
_a
28
101
_a
SHK
245
_a
A Reference for the Rest of Us!
_c
Rathbone,A
942
_2
udc
_c
BK
999
_c
50393
_d
50393